[Event "34th Cannes Open 2020"]
[Site "Cannes"]
[Date "2020.02.17"]
[Round "1.1"]
[White "Zeng, Chongsheng"]
[Black "Benmesbah, Natacha"]
[Result "1-0"]
[WhiteElo "2567"]
[BlackElo "2258"]
[Annotator "TA"]
[PlyCount "73"]
[EventDate "2020.02.17"]
[EventType "swiss"]
[EventCountry "FRA"]
[SourceTitle "playchess.com"]
[Source "ChessBase"]
[SourceQuality "1"]

{[%evp 16,73,12,-3,-2,-15,-15,-9,0,-1,0,-6,10,-8,16,11,18,-17,-16,-7,-21,-34,-9,-3,0,-7,-10,-15,-14,-15,-12,-9,27,18,12,16,37,0,0,0,27,12,10,6,27,39,252,256,293,345,387,309,687,333,326,317,906,863,1943,2040]} 1. c4 c5 2. Nc3 Nc6 3. Nf3 g6 4. d4 cxd4 5. Nxd4 Bg7 6. e3 Nf6 7. Nc2 O-O 8. Be2 d6 9. O-O Bf5 {A35: Symmetrical English: 2 Nc3 Nc6 3 Nf3.} 10. f3 Bxc2 11. Qxc2 Rc8 {The position is equal.} 12. Rd1 {[#]} Qc7 $146 ({Predecessor:} 12... a6 13. c5 Ne8 14. Qb3 Qc7 15. Nd5 Qb8 16. cxd6 Nxd6 17. Bd2 e6 18. Nb6 Rcd8 {0-1 (36) Zhang,Z (2223)-Wang,Y (2726) China 2015}) 13. Rb1 a6 14. Qd2 Ne5 15. b3 b5 {[%cal Rb5c4]} 16. Nd5 (16. f4 $5 {[%cal Rf4e5]} Ned7 17. Bb2 $11) 16... Nxd5 17. cxd5 Qc2 18. Ba3 f5 19. Bb4 Qxd2 20. Rxd2 f4 21. e4 Nd7 22. a4 bxa4 23. bxa4 Bc3 24. Bxc3 Rxc3 25. Rb7 $36 {[%mdl 2048] White has some pressure.} Rd8 26. e5 Nxe5 27. Rxe7 a5 28. h4 Rd7 29. Re6 h6 30. Rd4 Re3 $2 {[#]} (30... Rc1+ $14 31. Rd1 Rxd1+ 32. Bxd1 Rc7) 31. Bb5 $18 Rc7 32. Rxf4 ({Worse is} 32. Rxd6 Rc1+ 33. Kf2 (33. Kh2 g5 $17) 33... Rc2+ 34. Kf1 Rc1+ 35. Kf2 Rc2+ 36. Kf1 Rc1+ 37. Kf2 $11) 32... Rc1+ 33. Kf2 Rb3 $2 (33... Rd3 34. Rxd6 Rd2+ 35. Kg3 Rcc2) 34. Re4 (34. Re8+ $142 Kg7 35. Re7+ Kg8 36. Rf6 Rc2+ 37. Kg3) 34... Rb2+ 35. Re2 Rbb1 $2 {[#]} (35... Rxe2+ 36. Bxe2 Kg7 37. Rxd6 Nf7) 36. Rxd6 Nc4 37. Rxg6+ {Accuracy: White = 78%, Black = 53%.} 1-0

[Event "34th Cannes Open 2020"]
[Site "Cannes"]
[Date "2020.02.17"]
[Round "1.2"]
[White "Iglesias, Joachim"]
[Black "Antal, Gergely"]
[Result "0-1"]
[WhiteElo "2256"]
[BlackElo "2562"]
[Annotator "TA"]
[PlyCount "80"]
[EventDate "2020.02.17"]
[EventType "swiss"]
[EventCountry "FRA"]
[SourceTitle "playchess.com"]
[Source "ChessBase"]
[SourceQuality "1"]

{[%evp 9,80,-39,-18,-35,0,-2,-5,-43,-50,-117,-122,-115,-121,-268,-146,-149,-140,-294,-179,-172,-174,-176,-172,-176,-170,-226,-230,-218,-220,-236,-239,-220,-212,-218,-213,-298,-304,-305,-291,-304,-302,-299,-295,-303,-302,-311,-311,-301,-280,-250,-246,-329,-316,-382,-364,-378,-370,-366,-364,-460,-457,-446,-413,-831,-804,-1004,-1060,-1290,-1184,-5314,-5285,-29993,-29994]} 1. Nf3 d5 2. d4 Nf6 3. e3 Bg4 4. h3 Bxf3 5. gxf3 e6 6. c4 {[#] D04: Colle System.} dxc4 $146 ({Predecessor:} 6... Bd6 7. Nc3 O-O 8. Rg1 g6 9. h4 Nh5 10. f4 dxc4 11. Qxh5 Be7 12. Bxc4 Bxh4 {1-0 (40) Vetokhin,I-Sukhanov,M (1529) Kimry 2011}) 7. Bxc4 c5 8. Qb3 {The position is equal.} cxd4 9. Rg1 (9. Qxb7 $15 Nbd7 10. exd4) 9... Qc7 $17 10. exd4 Nc6 11. Nc3 {[#]} (11. Bb5 $17) 11... Nxd4 (11... O-O-O $1 $19 12. Kf1 Nxd4) 12. Qa4+ Qd7 {White must now prevent ...Qxa4.} 13. Nb5 $2 (13. Bb5 $17 {was worth a try.} Nxb5 14. Qxb5) 13... Rc8 14. Nxd4 {Strongly threatening Bb5.} Qxa4 15. Bb5+ {[#]} Qxb5 $1 16. Nxb5 Bb4+ 17. Bd2 (17. Kf1 $142) 17... Bxd2+ $19 18. Kxd2 {With the idea Nd6+.} Ke7 19. Nc3 g6 20. Ke3 Rc5 21. Rad1 Rh5 22. Rd4 Rxh3 23. Ra4 a6 24. Rb4 b5 25. a4 Rh5 26. axb5 {[#]} Rxb5 $1 {[%mdl 512]} 27. Rxb5 axb5 {[%mdl 4096] Endgame KRN-KRN} 28. Ra1 Rb8 29. Ra7+ Kf8 30. b4 h5 31. Ne4 Nxe4 32. fxe4 {KR-KR} Rc8 33. Rb7 Rc3+ 34. Kd4 Rf3 35. Rxb5 Rxf2 36. Rb8+ (36. Ra5 $142 h4 37. Ra8+ Kg7 38. Ra1) 36... Kg7 37. b5 h4 38. Ke3 Rb2 39. Kf4 h3 {( -> ...h2)} 40. Kg3 h2 {Accuracy: White = 37%, Black = 79%.} 0-1

[Event "34th Cannes Open 2020"]
[Site "Cannes"]
[Date "2020.02.17"]
[Round "1.3"]
[White "Nasuta, Grzegorz"]
[Black "Bacrot, Alexandre"]
[Result "1-0"]
[WhiteElo "2561"]
[BlackElo "2250"]
[Annotator "TA"]
[PlyCount "45"]
[EventDate "2020.02.17"]
[EventType "swiss"]
[EventCountry "FRA"]
[SourceTitle "playchess.com"]
[Source "ChessBase"]
[SourceQuality "1"]

{[%evp 9,45,10,16,20,17,-6,0,0,-11,-15,-17,-14,18,10,16,17,97,87,96,97,91,95,102,89,112,98,156,130,225,187,323,318,647,647,603,628,637,654]} 1. e4 e5 2. Nf3 Nc6 3. Bb5 a6 4. Ba4 Nge7 5. d3 g6 6. O-O {C70: Ruy Lopez: 3...a6 4 Ba4, Norwegian and Delayed Schliemann.} Bg7 7. c4 $5 {[%mdl 4] An interesting side line.} O-O 8. Nc3 {The position is equal.} h6 9. Nd5 d6 10. h3 f5 {[#]} 11. Bd2 $146 ({Predecessor:} 11. Rb1 Nxd5 12. exd5 Ne7 13. b4 g5 14. Bb3 Ng6 15. Nh2 Kh8 16. c5 Nf4 17. d4 {0-1 (28) Djuric,S (2434)-Fressinet,L (2693) Nancy 2011}) 11... g5 12. Nxg5 Nxd5 (12... hxg5 $11 13. Bxg5 Rf7) 13. cxd5 $16 Nd4 14. Nf3 Nxf3+ 15. Qxf3 fxe4 16. Qxe4 Bf5 17. Qe3 Rf6 (17... Qf6 $142) 18. f4 Qe7 (18... exf4 $16 19. Rxf4 Bh7) 19. Bc3 Rg6 (19... Rff8 $142 20. Rf2 Bh7) 20. fxe5 $18 {[%mdl 64] [#] Discovered Attack} Qg5 $2 (20... Rf8 21. e6 Bxc3) 21. Qxg5 {White is clearly winning.} Rxg5 22. h4 Rh5 23. Bd1 {Accuracy: White = 93%, Black = 42%.} 1-0

[Event "34th Cannes Open 2020"]
[Site "Cannes"]
[Date "2020.02.17"]
[Round "1.4"]
[White "Bruaset, Eivind"]
[Black "Gukesh D"]
[Result "0-1"]
[WhiteElo "2247"]
[BlackElo "2542"]
[Annotator "TA"]
[PlyCount "54"]
[EventDate "2020.02.17"]
[EventType "swiss"]
[EventCountry "FRA"]
[SourceTitle "playchess.com"]
[Source "ChessBase"]
[SourceQuality "1"]

{[%evp 15,56,26,23,23,41,25,19,8,16,8,10,-15,-8,-14,-27,-19,17,-40,-39,-57,-70,-284,-283,-270,-271,-611,-618,-662,-661,-714,-723,-725,-705,-803,-786,-1015,-999,-1577,-1489,-2229,-1797,-29987,-29985]} 1. e4 c5 2. Nf3 Nc6 3. d4 cxd4 4. Nxd4 e6 5. Nc3 a6 6. Nxc6 bxc6 7. Bd3 d5 8. O-O Nf6 9. Qe2 {9.Qf3 is the modern continuation. B46: Sicilian: Taimanov: 5 Nc3 a6.} Bb7 10. f4 Qc7 11. Kh1 {The position is equal.} Be7 12. Bd2 c5 {White must now prevent ...c4.} 13. exd5 exd5 14. Rae1 $1 Kf8 15. Nd1 Bd6 {[#]} 16. Nf2 $146 (16. Ne3 $11) ({Predecessor:} 16. Qf2 h5 17. Qh4 Be7 18. Qh3 Rd8 19. a3 h4 20. Ne3 Kg8 21. Nf5 Bf8 22. Nxh4 {0-1 (30) Mai,A (2038)-Kavutskiy,K (2390) Douglas 2017}) 16... h5 $15 17. c4 d4 $36 {[%mdl 2048] White is under pressure.} 18. Ne4 $2 ({Better is} 18. Bc1 $15) 18... Re8 $19 19. Qf3 {and if Nxf6 works, White does fine.} Nxe4 20. Bxe4 $2 (20. Rxe4 Rb8 21. f5) 20... Rxe4 21. Rxe4 {[#]} f5 $1 {[%mdl 64] Pin} 22. Ba5 Qd7 ({Weaker is} 22... fxe4 23. Bxc7 exf3 24. Bxd6+ Kf7 25. gxf3 $11) 23. Re8+ Kxe8 24. Qh3 Kf7 25. b4 g6 26. Bb6 Re8 27. bxc5 {[#]} Re3 {Played: Bd6xf4} 0-1

[Event "34th Cannes Open 2020"]
[Site "Cannes"]
[Date "2020.02.17"]
[Round "1.5"]
[White "Fier, Alexandr"]
[Black "Bifulco, Michel"]
[Result "1-0"]
[WhiteElo "2539"]
[BlackElo "2237"]
[Annotator "TA"]
[PlyCount "55"]
[EventDate "2020.02.17"]
[EventType "swiss"]
[EventCountry "FRA"]
[SourceTitle "playchess.com"]
[Source "ChessBase"]
[SourceQuality "1"]

{[%evp 14,55,11,27,27,31,44,46,80,77,77,77,77,77,76,78,78,78,81,0,120,107,118,0,0,4,4,0,18,19,69,74,71,77,69,79,69,73,720,693,661,672,962,940]} 1. c4 e5 2. Nc3 c5 3. Nf3 Nc6 4. e3 Nf6 5. d4 cxd4 6. exd4 e4 7. Ne5 Bb4 8. Be2 O-O {A34: Symmetrical English: 2 Nc3, lines with ...d5.} 9. O-O Re8 10. Bf4 {[#]} d5 $146 {White is slightly better.} ({Predecessor:} 10... Bxc3 11. bxc3 Ne7 12. c5 Ned5 13. Bd2 d6 14. cxd6 Qxd6 15. c4 Ne7 16. Bc3 Ng6 {0-1 (97) Wei,Y (2740)-Adhiban,B (2671) Hoogeveen 2017}) 11. Nxd5 Nxd5 12. cxd5 Ne7 13. Bc4 Bd6 14. f3 f6 15. fxe4 {Hoping for Nf7.} fxe5 16. dxe5 ({Better is} 16. Bxe5 $16 Bxe5 17. dxe5) 16... Bc5+ (16... Ng6 $1 $11 17. exd6 Rxe4) 17. Kh1 $16 Ng6 {[#]} 18. Qh5 (18. e6 $1 $16) 18... Nxf4 $11 19. Rxf4 {aiming for Raf1.} g6 $132 {[%mdl 2048] Black puts up resistance} 20. Qh6 {White threatens Rf7! and mate.} Be3 21. e6 Qd6 {[%mdl 64] Pin} 22. Raf1 {[%cal Ba1f1,Bf1f4,Bf4f6][%mdl 32] Black must now prevent e5!} Bxf4 23. Rxf4 {Threatening mate with Rf7.} Rxe6 24. dxe6 Bxe6 25. Rf6 Rd8 $2 {[%mdl 8192] [#]} (25... Qd1+ $16 26. Rf1 Qd7) 26. Bd5 $1 $18 {[%mdl 512] White is clearly winning.} Re8 (26... Bxd5 27. Rxd6) 27. h3 Qe5 28. Bxe6+ {Accuracy: White = 84%, Black = 59%.} 1-0

[Event "34th Cannes Open 2020"]
[Site "Cannes"]
[Date "2020.02.17"]
[Round "1.6"]
[White "Sohier, Julien"]
[Black "Sadzikowski, Daniel"]
[Result "0-1"]
[WhiteElo "2237"]
[BlackElo "2514"]
[Annotator "TA"]
[PlyCount "74"]
[EventDate "2020.02.17"]
[EventType "swiss"]
[EventCountry "FRA"]
[SourceTitle "playchess.com"]
[Source "ChessBase"]
[SourceQuality "1"]

{[%evp 9,74,-6,-5,-33,-33,-33,-26,-37,-42,-61,-61,-83,-73,-95,-87,-82,-85,-81,-66,-75,-40,-58,-55,-61,-54,-66,-58,-93,-88,-96,-98,-112,-95,-102,-105,-104,-86,-139,-143,-200,-197,-191,-189,-312,-305,-318,-307,-358,-288,-359,-353,-527,-520,-527,-523,-524,-524,-519,-512,-654,-644,-5822,-805,-29987,-29988,-29987,-5838]} 1. Nf3 c5 2. c4 Nc6 3. b3 e5 4. Nc3 g6 5. Bb2 Bg7 6. Nd5 {A30: Symmetrical English: Double Fianchetto and Hedgehog.} Nge7 7. g3 O-O 8. d3 {[#] Black has an edge.} d6 $146 ({Predecessor:} 8... Rb8 9. Nd2 d6 10. Bg2 Be6 11. O-O Bxd5 12. cxd5 Nb4 13. e4 Nxd3 14. Bc3 b5 {1-0 (59) Gavryushin,O (2282)-Nikologorskiy,K (2394) Perm 2014}) 9. Nd2 Be6 10. Bg2 Bxd5 $1 11. cxd5 Nb4 12. O-O Nbxd5 13. a3 Rb8 14. b4 cxb4 15. Qb3 {[#]} Nc3 $1 16. e3 (16. Bxc3 bxc3) 16... b5 17. axb4 Na4 $1 18. Ba3 d5 19. Rac1 Qd7 20. Rc2 Rfc8 21. Rfc1 Rxc2 22. Rxc2 Rd8 23. Bb2 (23. h4 $142) 23... Nc6 $17 24. Ba1 (24. Ba3 $17 {might work better.}) 24... Bf8 $19 25. Nf3 f6 ({Worse is} 25... Bxb4 26. Nxe5 Nxe5 27. Qxb4 $16 (27. Bxe5 a5 $14)) 26. Bc3 (26. Bh3 $142 Qd6 27. e4) 26... Nxc3 27. Rxc3 Nxb4 28. Nd2 Kh8 29. Qb1 a5 30. Nb3 (30. Nf3 $142) 30... d4 31. exd4 a4 32. dxe5 axb3 33. Rxb3 Nxd3 34. exf6 Qd4 35. Rxb5 Nxf2 (35... Qxf2+ $142 36. Kh1 Re8) 36. h4 Ng4+ {[%mdl 64] [#] Discovered Attack} 37. Kh1 Qd1+ {White did not feel at home in the position after the opening. Accuracy: White = 48%, Black = 86%.} (37... Qf2 $142 38. Rb3 Re8 39. Rf3 Re1+ 40. Qxe1 {[%mdl 64] Remove Defender} Qxe1+ 41. Bf1 Ne5 42. Kg2 Nxf3 43. f7 Ne5 44. Bd3 Nxd3 45. h5 Qe2+ {[%mdl 64] Double Attack} 46. Kh3 Ne1 47. g4 Qg2+ 48. Kh4 Nf3#) 0-1

[Event "34th Cannes Open 2020"]
[Site "Cannes"]
[Date "2020.02.18"]
[Round "2.1"]
[White "O'Gorman Tom"]
[Black "Zeng, Chongsheng"]
[Result "0-1"]
[WhiteElo "2347"]
[BlackElo "2567"]
[Annotator "TA"]
[PlyCount "116"]
[EventDate "2020.02.17"]
[EventType "swiss"]
[EventCountry "FRA"]
[SourceTitle "playchess.com"]
[Source "ChessBase"]
[SourceQuality "1"]

{[%evp 13,116,-8,7,0,2,0,9,4,8,18,8,0,0,-9,13,-1,12,12,18,10,11,14,13,21,32,32,32,30,27,18,30,22,18,17,25,23,45,0,0,0,1,-8,18,12,12,0,0,0,0,0,0,0,1,0,0,0,0,0,0,0,0,0,0,-8,-8,-35,-38,-60,-53,-70,-72,-116,-124,-252,-247,-244,-244,-312,-310,-326,-326,-366,-296,-753,-634,-977,-878,-1164,-1148,-1073,-1072,-1009,-640,-1203,-1152,-1120,-575,-1370,-1927,-1172,-1172,-4949,-4622,-1350,-1174]} 1. e4 c5 2. Nf3 d6 3. c3 Nf6 4. Be2 g6 5. O-O Bg7 6. Re1 O-O 7. Bf1 e5 8. d4 {B50: Sicilian: 2...d6, Miscellaneous.} exd4 9. cxd4 Bg4 10. dxc5 {The position is equal.} dxc5 11. Qxd8 Rxd8 12. Ne5 Be6 13. Nc3 $1 Nfd7 {[#]} 14. Nxd7 $146 ({Predecessor:} 14. Bg5 f6 15. Nxd7 Nxd7 16. Be3 b6 17. f4 Bf7 18. Rad1 Nf8 19. Ba6 Ne6 20. Nb5 {0-1 (55) Dolgener,T (2215)-Szalanczy,E (2262) Budapest 2012}) 14... Nxd7 15. Bg5 Bf6 16. Bxf6 Nxf6 17. Rad1 a6 18. e5 Rxd1 19. Rxd1 Ng4 20. f4 g5 21. fxg5 {[#] Strongly threatening Re1.} Nxe5 22. Ne4 Rc8 23. Re1 {Nf6+ is the strong threat.} Ng6 24. Nd6 Rc7 25. Bc4 Rc6 26. Bxe6 Rxd6 $11 {[%mdl 4096] Endgame KRB-KRN} 27. Bb3 b5 {[#] Threatens to win with ...Rd2.} 28. Rd1 Rc6 29. Rd8+ Kg7 30. Bd5 Rc7 31. Kf2 c4 32. Ke3 b4 {Hoping for ...c3.} 33. Kd2 Rc5 34. g3 Ne5 35. Be4 c3+ 36. bxc3 Rxc3 37. Ke2 Ra3 38. Bd5 Rd3 39. h4 (39. Rd7 $5 {[%cal Rd7f7]}) 39... Rxg3 40. Bb3 Rg4 41. Rd5 Nc6 42. h5 Nd4+ 43. Kf2 (43. Kd3 $17 Nxb3 44. axb3) 43... Nxb3 $19 44. axb3 {KR-KR} Rh4 45. h6+ Kg6 46. Kg3 Rh5 47. Rd6+ Kxg5 48. Rxa6 $2 (48. Rd7) 48... Rxh6 {Black is clearly winning.} 49. Ra5+ f5 50. Rb5 Rh4 51. Rb8 Rg4+ 52. Kf3 h5 53. Kf2 h4 54. Rg8+ Kf6 55. Rf8+ Ke5 56. Rb8 h3 57. Rh8 Rg2+ 58. Kf3 Rb2 {Accuracy: White = 64%, Black = 93%.} 0-1

[Event "34th Cannes Open 2020"]
[Site "Cannes"]
[Date "2020.02.18"]
[Round "2.2"]
[White "Antal, Gergely"]
[Black "Zakarian, David"]
[Result "1-0"]
[WhiteElo "2562"]
[BlackElo "2335"]
[Annotator "TA"]
[PlyCount "71"]
[EventDate "2020.02.17"]
[EventType "swiss"]
[EventCountry "FRA"]
[SourceTitle "playchess.com"]
[Source "ChessBase"]
[SourceQuality "1"]

{[%evp 10,71,25,20,16,17,29,26,53,60,56,50,50,29,58,47,57,53,51,38,50,30,51,47,79,72,69,70,88,91,95,64,68,56,75,76,76,82,104,104,104,97,102,108,118,111,148,145,389,265,256,258,436,421,834,807,779,766,928,884,904,890,29966,6370]} 1. e4 c5 2. Nf3 Nc6 3. Bb5 g6 4. Bxc6 dxc6 5. d3 Bg7 6. h3 b6 {B31: Sicilian: 2...Nc6 3 Bb5 g6.} 7. O-O e5 8. a3 f6 {White has an edge. has lost popularity (8...a5).} 9. b4 cxb4 10. axb4 Nh6 11. Nbd2 {[#]} Be6 $146 ({Predecessor:} 11... Nf7 12. Bb2 O-O 13. d4 exd4 14. Bxd4 Re8 15. Re1 Be6 16. Ra3 Re7 17. Qa1 Rb7 {½-½ (37) Zhang,Z (2603)-Kotronias,V (2608) Port Erin 2004}) 12. Bb2 O-O 13. d4 Nf7 14. Qe2 Qc7 15. Nc4 Rae8 16. dxe5 Nxe5 17. Ncxe5 fxe5 18. Ra3 h6 19. Rfa1 Ra8 20. Qe3 Kh7 21. Ne1 Bc4 22. Qc3 Qf7 23. Qg3 Qe7 {[#]} 24. Nf3 $1 {[%cal Rf3e5]} Rf4 {[#]} 25. Nxe5 $1 {[%mdl 512]} Bxe5 26. Bxe5 Rxe4 27. Bb2 a6 {[#]} 28. Rf3 $1 {[%cal Rf3f6] aiming for Rf6!} Qxb4 $2 (28... Re6 $16 29. Rf4 b5) 29. Rf6 Rg8 30. Bc3 $40 {[%mdl 128] White has strong attack.} Qe7 $2 (30... Qc5 31. Ra4 h5 32. Qc7+ Rg7 33. Qxg7+ (33. Qxc6 Qxc6 34. Rxc6 {[%mdl 64] Discovered Attack} Bd5 $14) 33... Kxg7 34. Rxc6+ Kf7 35. Rxc5 bxc5) 31. Rxc6 $18 Bf7 (31... Qf7 $142 32. Rxb6 Re7) 32. Rc7 Qe6 33. Rxa6 Rf8 34. Raa7 Qf5 35. Qd3 Qf4 {[#]} 36. Rxf7+ $1 {[%mdl 512] Black got outplayed after the opening. Accuracy: White = 86%, Black = 52%.} 1-0

[Event "34th Cannes Open 2020"]
[Site "Cannes"]
[Date "2020.02.18"]
[Round "2.3"]
[White "Brih, Said"]
[Black "Nasuta, Grzegorz"]
[Result "0-1"]
[WhiteElo "2317"]
[BlackElo "2561"]
[Annotator "TA"]
[PlyCount "110"]
[EventDate "2020.02.17"]
[EventType "swiss"]
[EventCountry "FRA"]
[SourceTitle "playchess.com"]
[Source "ChessBase"]
[SourceQuality "1"]

{[%evp 11,110,10,15,-25,-24,-25,-28,-35,-31,-43,-49,-62,-12,-12,-17,-34,-27,-76,-34,-86,-45,-36,-43,-44,-39,-41,-47,-20,-34,-30,-47,-52,-52,-130,-117,-126,-87,-306,-323,-326,-292,-678,-339,-395,-433,-493,-485,-733,-700,-758,-758,-739,-722,-778,-778,-778,-778,-778,-778,-778,-778,-778,-778,-771,-771,-771,-771,-771,-771,-765,-762,-756,-754,-754,-753,-748,-750,-903,-870,-920,-900,-884,-826,-873,-864,-2410,-2350,-5110,-5110,-4132,-4678,-4602,-4127,-1939,-1790,-5110,-5110,-4698,-3677,-1057,-1018]} 1. e4 c5 2. Nc3 a6 3. g3 b5 4. Bg2 Bb7 5. d3 e6 6. f4 d5 7. e5 {B23: Closed Sicilian: Lines without g3.} h5 8. Nf3 Nh6 9. O-O {Black has an edge.} Nf5 10. Qe1 Nc6 11. Nd1 Nb4 {[#]} 12. Rf2 $146 ({Predecessor:} 12. Qe2 d4 13. Ng5 Bxg2 14. Qxg2 Be7 15. Ne4 Rc8 16. a4 c4 17. axb5 cxd3 18. cxd3 axb5 {½-½ (29) Andreikin,D (2723)-Artemiev,V (2474) Kirov 2012}) 12... d4 13. a3 Nd5 14. Ng5 Be7 15. Ne4 (15. c4 $15 dxc3 16. bxc3) 15... Rc8 16. c4 dxc3 $1 17. bxc3 c4 18. d4 $1 Rc7 19. Ne3 Ndxe3 20. Bxe3 Qa8 21. Bc1 Bd5 22. a4 (22. Re2 $15) 22... b4 $1 $17 23. cxb4 c3 24. Nc5 $2 {White does not recover from this.} (24. Nxc3 $17 Bxg2 25. Rxg2) 24... Bxg2 $19 25. Rxg2 {[#]} a5 $1 26. b5 $2 (26. Qxc3 axb4 27. Qd3) 26... Nxd4 {And now ...Nf3+ would win.} 27. Na6 Rc8 {Strongly threatening ...Nf3+.} 28. Qe3 {Black is clearly winning.} Qd5 29. b6 (29. Rf2 $142 Nc2 {[%mdl 64] Decoy} 30. Rxc2 Qd1+ {[%mdl 64] Double Attack} 31. Kf2 Qxc2+ 32. Qe2) 29... O-O 30. Nc7 {[#]} Rxc7 $1 {[%mdl 512]} 31. bxc7 Bc5 {...Nb3 is the strong threat.} 32. Kf1 Nb3 33. Qxc3 Qd1+ 34. Qe1 Qf3+ 35. Rf2 Qh1+ 36. Ke2 Qxe1+ 37. Kxe1 Bxf2+ ({Weaker is} 37... Nxa1 38. Rb2 $15) 38. Kxf2 Nxa1 39. Be3 Nc2 40. Bb6 Nb4 41. Bxa5 Nd5 42. Ke2 Ra8 43. Kd3 Kf8 44. Kc4 Ke7 45. Be1 Kd7 46. a5 Kc6 47. h3 Nxc7 48. g4 hxg4 49. hxg4 g6 50. Kd4 Rb8 51. Ke4 Rb2 52. Kf3 Rb3+ 53. Ke4 Ra3 54. Bd2 Nd5 55. Kd4 Ra4+ {Accuracy: White = 50%, Black = 86%.} 0-1

[Event "34th Cannes Open 2020"]
[Site "Cannes"]
[Date "2020.02.18"]
[Round "2.4"]
[White "Gukesh D"]
[Black "Bressy, Theo"]
[Result "1-0"]
[WhiteElo "2542"]
[BlackElo "2314"]
[Annotator "TA"]
[PlyCount "133"]
[EventDate "2020.02.17"]
[EventType "swiss"]
[EventCountry "FRA"]
[SourceTitle "playchess.com"]
[Source "ChessBase"]
[SourceQuality "1"]

{[%evp 9,133,0,0,-6,0,2,-6,0,0,0,0,0,6,0,8,10,0,8,19,0,29,0,3,0,0,-11,22,26,27,22,25,26,44,43,41,37,71,68,118,78,90,85,71,61,76,87,75,42,58,48,54,70,67,43,34,18,33,0,18,0,49,0,0,-24,-8,-11,0,0,0,-45,0,-26,-19,-30,11,0,0,-10,-8,-108,-102,-84,-85,-155,0,0,0,0,0,0,0,0,193,115,29965,29972,29970,29977,29976,29977,29977,29978,29978,29978,29964,29962,29981,29982,29982,29983,29983,29980,29980,29981,29943,5651,29987,29988,29988,29989,29990,29986,29992,29993,29993,29994]} 1. Nf3 d5 2. e3 Nf6 3. c4 e6 4. Nc3 b6 5. cxd5 exd5 6. b3 {A17: English Opening: 1...Nf6 with ...Bb4.} Bb7 7. Bb2 Nbd7 8. Rc1 {The position is equal.} a6 9. d4 Bd6 10. g3 O-O 11. Bg2 Re8 12. O-O Ne4 {[#]} 13. Qc2 $146 ({Predecessor:} 13. Ne2 a5 14. Nf4 Qe7 15. Nd3 Ndf6 16. Rc2 a4 17. Nh4 axb3 18. axb3 g6 19. Ne5 {1-0 (55) Ganguly,S (2638)-Sunilduth Lyna,N (2575) chess.com INT 2019}) 13... Rc8 14. Rfd1 Qe7 15. Qe2 f5 16. Ne1 Ndf6 17. Nd3 c5 18. dxc5 bxc5 19. Na4 Nd7 20. Nf4 Bxf4 21. exf4 Qf7 22. Qd3 Rc7 23. f3 c4 24. Qd4 ({And not} 24. fxe4 cxd3 25. Rxc7 fxe4 $17) 24... Nd6 25. Nc3 Nf6 26. Re1 Nb5 27. Nxb5 axb5 28. Bh3 Bc8 29. Re5 Rxe5 30. fxe5 Ne8 31. Qb6 Rb7 32. Qc6 Be6 33. Rd1 Qd7 34. Qc5 Qf7 35. Bg2 f4 36. Ba3 g5 37. Bb4 h5 38. gxf4 gxf4 39. Qd4 Ra7 40. Rd2 Ng7 41. Bf1 $1 Ra8 42. a3 h4 43. Kf2 h3 44. Ke1 (44. Rb2 $11 {remains equal.}) 44... Qf5 $1 $17 45. bxc4 bxc4 46. Rb2 (46. Kd1 $142) 46... Ra6 $2 (46... Qg5 $17 47. Qb6 Qxe5+ 48. Re2 Rb8 49. Qd8+ Rxd8 50. Rxe5 Kf7) 47. Bd6 Rc6 48. Rb8+ Kh7 49. Kd2 Qg5 50. Rb7 Kg6 $2 {[#]} (50... Kg8 $11 {and Black has nothing to worry.}) 51. Qa7 ({White should try} 51. Bf8 $1 $18 Nh5 52. a4) 51... c3+ $2 {[%mdl 8192]} (51... Nh5 $16 52. a4 Qf5) 52. Kc1 Nh5 53. Bd3+ Bf5 54. Rh7 {[%csl Gh7][%cal Ra7f7]} Rc7 55. Bxf5+ Kxf5 56. Rxc7 Qg2 57. Rxc3 Qf1+ 58. Kb2 Qb5+ 59. Bb4 Qe2+ 60. Rc2 Qxe5+ 61. Bc3 Qe8 62. Qd4 (62. Rc1 $142 Qc6 63. Rg1 Nf6 64. Qd4 Qd6 65. Qd3+ Ke6 {[#]} 66. Rg6 $1 {[%mdl 512]} Qb6+ 67. Ka1) 62... Qb8+ 63. Ka2 {White mates.} Qd6 64. Re2 Kg6 65. Re5 Qa6 66. Qxd5 Nf6 {[#]} 67. Re6 $1 {[%mdl 64] Discovered Attack. Accuracy: White = 80%, Black = 75%.} 1-0